Το παραμύθι χτες και σήμερα : η ψυχοπαιδαγωγική και κοινωνική λειτουργία του
Αποθηκεύτηκε σε:
| Κύριος συγγραφέας: | |
|---|---|
| Μορφή: | Βιβλίο |
| Γλώσσα: | Greek |
| Δημοσίευση: |
Αθήνα :
Πατάκης,
1995
|
| Θέματα: | |
| Ετικέτες: |
Προσθήκη ετικέτας
Δεν υπάρχουν, Καταχωρήστε ετικέτα πρώτοι!
|
MARC
| LEADER | 00000nam a2200000 i 4500 | ||
|---|---|---|---|
| 001 | 1/68305 | ||
| 008 | 990129s1995 gre d | ||
| 020 | |a 960-360-500-X | ||
| 035 | |l 10047627 | ||
| 040 | |a GR-MY-UA |b gre |e aacr | ||
| 041 | 0 | |a gre | |
| 082 | 0 | |a 809 | |
| 100 | 1 | |a Σακελλαρίου, Χάρης Ν. |d 1923- | |
| 245 | 1 | 3 | |a Το παραμύθι χτες και σήμερα : |b η ψυχοπαιδαγωγική και κοινωνική λειτουργία του / |c Χάρης Σακελλαρίου |
| 260 | |a Αθήνα : |b Πατάκης, |c 1995 | ||
| 300 | |a 231 σ. | ||
| 650 | 0 | 0 | |a Tales |x History and criticism. |
| 852 | |a INST |b RHODES |e 19990129 |h 809 ΣΑΚ |p 005400005575 |q 005400005575 |t BK |y 0 | ||
| 901 | |a BIBL-1999-1 | ||
| 909 | |a Ρ |b 058029 |c 1998 | ||
| 922 | |a 4ΕΛΗ |b 199806 |c ΚΠΣ/Ν |d EMVASIS | ||